La Participación musical en el antiguo teatro español / José Subirà
Descripción Física:
101 p. : amb partitures ; 17 cm
MARC
| LEADER | 00000nam a2200000Ia 4500 | ||
|---|---|---|---|
| 001 | 8355 | ||
| 003 | BGR | ||
| 005 | 20260324175406.0 | ||
| 008 | 160829s1930 xx 000 0 cat d | ||
| 080 | |a B-1-241 | ||
| 100 | |a Subirà i Puig, Josep |9 30833 | ||
| 245 | |a La Participación musical en el antiguo teatro español / José Subirà | ||
| 260 | |a Barcelona : |b Diputación Provincial de Barcelona, |c 1930 | ||
| 300 | |a 101 p. : |b amb partitures ; |c 17 cm | ||
| 490 | |a Publicaciones del Instituto del Teatro Nacional ; 6 | ||
| 650 | |a Òpera |x Espanya |9 30834 | ||
| 650 | |a Sarsuela |9 30835 | ||
| 650 | |a Tonadilla I |9 30836 | ||
| 650 | |a Teatre |x Espanya |x Història |9 30837 | ||
| 710 | 1 | |a Barcelona (Catalunya : Província). |b Diputació |9 52408 | |
| 710 | 1 | |a Institut del Teatre (Barcelona, Catalunya) |9 52662 | |
| 901 | |a Arxiu | ||
| 942 | |n 1 |2 udc |c MON | ||
| 952 | |0 0 |1 0 |4 0 |6 B1241 |7 1 |9 45541 |a Arxiu |b Arxiu |d 2016-12-01 |l 0 |o B-1-241 |p 8355 |r 2016-12-01 00:00:00 |w 2016-12-01 |y ARXIU | ||
| 999 | |c 48709 |d 48709 | ||